[Event "Norway Chess 2019 - Blitz"]
[Site "Stavanger"]
[Date "03.06.2019"]
[Round "1B"]
[White "Ding, Liren"]
[Black "Yu, Yangyi"]
[Result "0-1"]
[WhiteTitle "GM"]
[BlackTitle "GM"]
[WhiteElo "2805"]
[BlackElo "2738"]
[WhiteFideId "8603677"]
[BlackFideId "8603820"]
[EventDate "2019.06.03"]

1. d4 Nf6 2. c4 e6 3. g3 d5 4. Bg2 Be7 5. Nf3 O-O 6. O-O dxc4 7. Qc2 a6 8. a4
Bd7 9. Qxc4 Bc6 10. Bg5 Nbd7 11. Nc3 a5 12. Rfe1 Bd5 13. Qd3 Bxf3 14. Qxf3 c6
15. e4 h6 16. Be3 Bb4 17. Red1 Qe7 18. e5 Nd5 19. Nxd5 exd5 20. Qg4 f5 21. Qg6
Qf7 22. Qxf7+ Kxf7 23. h4 h5 24. Bh3 g6 25. f3 Rh8 26. Bg5 Nf8 27. g4 hxg4 28.
fxg4 Be7 29. Bxe7 Kxe7 30. gxf5 gxf5 31. Bxf5 Rxh4 32. Ra3 Ne6 33. Bxe6 Kxe6 34.
Rg3 Rah8 35. Rd2 c5 36. Rg6+ Kf5 37. Rf6+ Ke4 38. Re2+ Kd3 39. Rg2 Kxd4 40. e6
Re4 41. Rf7 Re1+ 42. Kf2 Rxe6 43. Rg4+ Re4 44. Rxe4+ Kxe4 45. Rxb7 d4 46. Rb5 c4
47. Rxa5 Rh2+ 48. Ke1 Rxb2 0-1

[Event "Norway Chess 2019 - Blitz"]
[Site "Stavanger"]
[Date "03.06.2019"]
[Round "2B"]
[White "Carlsen, Magnus"]
[Black "Ding, Liren"]
[Result "1/2-1/2"]
[WhiteTitle "GM"]
[BlackTitle "GM"]
[WhiteElo "2875"]
[BlackElo "2805"]
[WhiteFideId "1503014"]
[BlackFideId "8603677"]
[EventDate "2019.06.03"]

1. c4 e5 2. Nc3 Nf6 3. Nf3 Nc6 4. e3 Bb4 5. Nd5 e4 6. Ng1 O-O 7. a3 Bd6 8. Nxf6+
Qxf6 9. f4 exf3 10. Nxf3 Ne5 11. d4 Nxf3+ 12. Qxf3 Qxf3 13. gxf3 c5 14. dxc5
Bxc5 15. b4 Bb6 16. c5 Bc7 17. Bb2 d6 18. cxd6 Bxd6 19. Rd1 Be7 20. Bc4 Be6 21.
Bxe6 fxe6 22. Rd7 Rf7 23. Ke2 Bf6 24. Rxf7 Kxf7 25. Bxf6 Kxf6 26. Rc1 Re8 27. a4
Re7 28. Kd3 Rd7+ 29. Ke4 b6 30. b5 g5 31. h3 h5 32. Rc8 h4 33. Rf8+ Kg7 34. Ra8
Kf6 35. f4 gxf4 36. exf4 Rc7 37. Kf3 Kf5 38. Rf8+ Kg6 39. Rg8+ Kf6 40. Kg4 Rc4
41. Rf8+ Kg6 42. Kxh4 Rxa4 43. Kg4 Rb4 44. h4 Rxb5 45. Rg8+ Kf7 46. Ra8 a5 47.
h5 Rb1 48. Ra7+ Kf6 49. h6 Rg1+ 50. Kf3 Rh1 51. h7 Kg6 52. Re7 Kf6 53. Ra7 Rh2
54. Ke4 Rh1 55. Kf3 a4 56. Rxa4 Rxh7 57. Rb4 Rb7 58. Rb5 Ke7 59. Ke4 Kd6 60. Kd4
Kc6 61. Re5 Rd7+ 62. Kc4 Rd6 63. f5 exf5 64. Rxf5 1/2-1/2

[Event "Norway Chess 2019 - Blitz"]
[Site "Stavanger"]
[Date "03.06.2019"]
[Round "2B"]
[White "Anand, Viswanathan"]
[Black "Yu, Yangyi"]
[Result "0-1"]
[WhiteTitle "GM"]
[BlackTitle "GM"]
[WhiteElo "2767"]
[BlackElo "2738"]
[WhiteFideId "5000017"]
[BlackFideId "8603820"]
[EventDate "2019.06.03"]

1. Nf3 d5 2. e3 c5 3. d4 Nf6 4. Nbd2 e6 5. b3 cxd4 6. exd4 Nc6 7. Bb2 Be7 8. Bd3
O-O 9. a3 b6 10. O-O Bb7 11. Qe2 Rc8 12. Ne5 Nxe5 13. dxe5 Nd7 14. b4 a5 15. Qg4
Qc7 16. Rfe1 axb4 17. axb4 Ra8 18. Nf3 Rxa1 19. Rxa1 Ra8 20. Rxa8+ Bxa8 21. h4
h6 22. Qg3 Bxb4 23. Bc1 Kf8 24. Qf4 Bc3 25. Ba3+ Kg8 26. Bd6 Qa7 27. h5 Nc5 28.
Qe3 d4 29. Qe2 Nxd3 30. Qxd3 Bd5 31. Kh2 Qa4 32. Nd2 Qc6 33. f3 b5 34. Nb1 Bc4
35. Qd1 Bb2 36. Nd2 Bd5 37. Nf1 b4 38. Ng3 Qc4 39. Ne2 b3 40. cxb3 Qxb3 41. Qxb3
Bxb3 42. Nf4 Bc4 0-1

[Event "Norway Chess 2019 - Blitz"]
[Site "Stavanger"]
[Date "03.06.2019"]
[Round "2B"]
[White "So, Wesley"]
[Black "Aronian, Levon"]
[Result "0-1"]
[WhiteTitle "GM"]
[BlackTitle "GM"]
[WhiteElo "2754"]
[BlackElo "2752"]
[WhiteFideId "5202213"]
[BlackFideId "13300474"]
[EventDate "2019.06.03"]

1. e4 e5 2. Nf3 Nc6 3. Bc4 Bc5 4. c3 Nf6 5. d3 a6 6. O-O d6 7. a4 O-O 8. Re1 Ba7
9. h3 Kh8 10. Bb3 Nh5 11. d4 f5 12. Ng5 Nf6 13. exf5 Bxf5 14. Nf7+ Rxf7 15. Bxf7
Qd7 16. Bb3 exd4 17. cxd4 Bxd4 18. Be3 Bxb2 19. Ra2 Be5 20. f4 Bxb1 21. Qxb1 Bc3
22. Rd1 Re8 23. Qd3 Ba5 24. Re2 Qe7 25. Bc4 d5 26. Bb3 d4 27. Qf5 dxe3 0-1

[Event "Norway Chess 2019 - Blitz"]
[Site "Stavanger"]
[Date "03.06.2019"]
[Round "3B"]
[White "Caruana, Fabiano"]
[Black "Anand, Viswanathan"]
[Result "1-0"]
[WhiteTitle "GM"]
[BlackTitle "GM"]
[WhiteElo "2819"]
[BlackElo "2767"]
[WhiteFideId "2020009"]
[BlackFideId "5000017"]
[EventDate "2019.06.03"]

1. c4 e5 2. d3 Nf6 3. Nf3 Nc6 4. a3 g6 5. Nc3 Bg7 6. g3 d6 7. Bg2 Nd4 8. Nd2 O-O
9. O-O c6 10. b4 d5 11. Bb2 Be6 12. Rc1 a5 13. b5 cxb5 14. cxb5 h5 15. e3 Nf5
16. Na4 Nd7 17. Nb3 b6 18. Nd2 Rc8 19. Qe2 Nd6 20. d4 exd4 21. Bxd4 Bxd4 22.
exd4 Re8 23. Rc6 Bg4 24. Qd3 Be2 25. Qb3 Nxb5 26. Rxc8 Qxc8 27. Re1 Nxd4 28.
Qxd5 Nf5 29. Ne4 Bc4 30. Qd2 Re6 31. Rc1 b5 32. Nb2 Ne5 33. Qxa5 Nd4 34. Rd1
Nef3+ 35. Kh1 Rxe4 36. Bxf3 Qe8 37. Kg2 h4 38. Nxc4 bxc4 39. gxh4 Rxh4 40. Qd5 1-0

[Event "Norway Chess 2019 - Blitz"]
[Site "Stavanger"]
[Date "03.06.2019"]
[Round "4B"]
[White "Anand, Viswanathan"]
[Black "Carlsen, Magnus"]
[Result "0-1"]
[WhiteTitle "GM"]
[BlackTitle "GM"]
[WhiteElo "2767"]
[BlackElo "2875"]
[WhiteFideId "5000017"]
[BlackFideId "1503014"]
[EventDate "2019.06.03"]

1. e4 g6 2. d4 Nf6 3. Nc3 d5 4. e5 Ne4 5. Nce2 f6 6. f3 Ng5 7. Bxg5 fxg5 8. Qd2
c5 9. Qxg5 Nc6 10. c3 Qb6 11. Qd2 cxd4 12. cxd4 Bf5 13. g4 Bd7 14. Rd1 O-O-O 15.
Nc3 e6 16. Nge2 Kb8 17. f4 Be7 18. h4 Na5 19. b3 Bb4 20. Kf2 Rhf8 21. Rh3 Bb5
22. Qe3 Bxe2 23. Nxe2 Rc8 24. Rc1 Rxc1 25. Qxc1 Nc6 26. Qe3 Nxd4 27. Nxd4 Bc5
28. Kg2 Bxd4 29. Qd2 a5 30. Rf3 Bc5 31. Bd3 Qd8 32. g5 Bb6 33. Kg3 Qe7 34. Rf1
Qc5 35. Rc1 Qd4 36. Rd1 Bc7 37. Re1 a4 38. Qe3 Qb4 39. bxa4 Bb6 40. Qc1 Qd4 41.
Qd2 Ba5 42. Qxa5 Qxd3+ 43. Kg4 Qf5+ 0-1

[Event "Norway Chess 2019 - Blitz"]
[Site "Stavanger"]
[Date "03.06.2019"]
[Round "4B"]
[White "So, Wesley"]
[Black "Yu, Yangyi"]
[Result "1/2-1/2"]
[WhiteTitle "GM"]
[BlackTitle "GM"]
[WhiteElo "2754"]
[BlackElo "2738"]
[WhiteFideId "5202213"]
[BlackFideId "8603820"]
[EventDate "2019.06.03"]

1. c4 e5 2. g3 Nc6 3. Nc3 g6 4. Bg2 Bg7 5. d3 Nge7 6. e3 O-O 7. Nge2 d6 8. O-O
h6 9. b3 Be6 10. Nd5 Qd7 11. Bb2 Rae8 12. d4 Bg4 13. f3 Be6 14. Nxe7+ Nxe7 15.
dxe5 dxe5 16. Qxd7 Bxd7 17. Rad1 Bc6 18. Nc3 Nf5 19. Rfe1 e4 20. f4 Rd8 21. Kf2
h5 22. Ba1 Nh6 23. Ke2 f5 24. Bf1 Ng4 25. h3 Nh2 26. Bg2 Nf3 27. Rf1 Kf7 28. Bb2
Rfe8 29. Rxd8 Rxd8 30. Rd1 Rxd1 31. Nxd1 Bf8 32. Bc3 b6 33. Nb2 a5 34. Na4 Be7
35. Bb2 Ke6 36. Nc3 Bf6 37. Nd1 Be7 38. Nc3 Bf6 39. Nd1 Be7 40. Nc3 Bf6 41. Nd1 1/2-1/2

[Event "Norway Chess 2019 - Blitz"]
[Site "Stavanger"]
[Date "03.06.2019"]
[Round "5B"]
[White "Carlsen, Magnus"]
[Black "So, Wesley"]
[Result "1/2-1/2"]
[WhiteTitle "GM"]
[BlackTitle "GM"]
[WhiteElo "2875"]
[BlackElo "2754"]
[WhiteFideId "1503014"]
[BlackFideId "5202213"]
[EventDate "2019.06.03"]

1. e4 e5 2. Bc4 Nf6 3. d4 exd4 4. Nf3 Nc6 5. e5 d5 6. Bb5 Ne4 7. Nxd4 Bc5 8. Be3
O-O 9. Bxc6 bxc6 10. O-O Bxd4 11. Qxd4 c5 12. Qd3 Bf5 13. Qe2 d4 14. f3 Ng5 15.
Bxg5 Qxg5 16. Na3 Rfe8 17. Rae1 Rad8 18. Rf2 Rd5 19. Qb5 Bd7 20. Qa5 Rdxe5 21.
Ref1 Re2 22. Qxc7 Rxf2 23. Kxf2 Qe3+ 24. Kg3 Qg5+ 25. Kf2 Qe3+ 26. Kg3 Qg5+ 1/2-1/2

[Event "Norway Chess 2019 - Blitz"]
[Site "Stavanger"]
[Date "03.06.2019"]
[Round "5B"]
[White "Aronian, Levon"]
[Black "Caruana, Fabiano"]
[Result "1/2-1/2"]
[WhiteTitle "GM"]
[BlackTitle "GM"]
[WhiteElo "2752"]
[BlackElo "2819"]
[WhiteFideId "13300474"]
[BlackFideId "2020009"]
[EventDate "2019.06.03"]

1. e4 e6 2. d4 d5 3. Nc3 Bb4 4. e5 Qd7 5. a3 Bxc3+ 6. bxc3 b6 7. Qg4 f5 8. Qg3
Nc6 9. Nh3 Bb7 10. Qh4 Nge7 11. Qh5+ Ng6 12. Nf4 Qf7 13. Nxg6 Qxg6 14. Qxg6+
hxg6 15. h4 Na5 16. Bg5 Bc6 17. g4 Ba4 18. Kd2 Nc4+ 19. Bxc4 dxc4 20. Rag1 Bc6
21. Rh3 Kf7 22. f3 b5 23. Rhg3 Raf8 24. gxf5 gxf5 25. Ke3 Rh7 26. R3g2 Rb8 27.
Rb1 Rb6 28. Kf4 Ra6 29. Ra1 Ra4 30. Kg3 a5 31. Bd2 Bd5 32. Rgg1 Rh8 33. Be3 Ra8
34. Bd2 Rc8 35. Be3 Ra8 36. Bd2 c6 37. Kf4 Rh8 38. Kg3 Ra8 39. Kf4 Rh8 1/2-1/2

[Event "Norway Chess 2019 - Blitz"]
[Site "Stavanger"]
[Date "03.06.2019"]
[Round "6B"]
[White "Caruana, Fabiano"]
[Black "Ding, Liren"]
[Result "1/2-1/2"]
[WhiteTitle "GM"]
[BlackTitle "GM"]
[WhiteElo "2819"]
[BlackElo "2805"]
[WhiteFideId "2020009"]
[BlackFideId "8603677"]
[EventDate "2019.06.03"]

1. e4 e5 2. Nf3 Nc6 3. Bb5 a6 4. Ba4 Nf6 5. d3 b5 6. Bb3 Bc5 7. c3 d6 8. Nbd2
O-O 9. Nf1 Re8 10. Ng3 Be6 11. Bc2 d5 12. exd5 Bxd5 13. O-O e4 14. dxe4 Nxe4 15.
Bf4 Bb6 16. a4 Nxg3 17. hxg3 Bc4 18. Re1 Qxd1 19. Raxd1 Rxe1+ 20. Rxe1 Rd8 21.
b4 a5 22. Be4 Ne7 23. bxa5 Bxa5 24. axb5 Bxb5 25. Bxh7+ Kxh7 26. Rxe7 f6 27. Nd4
Rd7 28. Re3 Bc4 29. g4 Bxc3 30. Rxc3 Rxd4 31. Be3 Rd1+ 32. Kh2 Be6 33. Kg3 Rd7
34. Rc5 Bd5 35. g5 c6 36. f3 Kg6 37. gxf6 gxf6 1/2-1/2

[Event "Norway Chess 2019 - Blitz"]
[Site "Stavanger"]
[Date "03.06.2019"]
[Round "6B"]
[White "Anand, Viswanathan"]
[Black "So, Wesley"]
[Result "1/2-1/2"]
[WhiteTitle "GM"]
[BlackTitle "GM"]
[WhiteElo "2767"]
[BlackElo "2754"]
[WhiteFideId "5000017"]
[BlackFideId "5202213"]
[EventDate "2019.06.03"]

1. e4 e6 2. d4 d5 3. Nc3 Bb4 4. e5 c5 5. a3 Ba5 6. b4 cxd4 7. Nb5 Bc7 8. f4 Bd7
9. Nxc7+ Qxc7 10. Nf3 Ba4 11. Bd3 Ne7 12. O-O Nbc6 13. b5 Na5 14. Rb1 a6 15.
bxa6 bxa6 16. Nxd4 Nac6 17. Nxc6 Qxc6 18. Bd2 O-O 19. Bb4 Rfe8 20. Qd2 Bb5 21.
Rfc1 Nf5 22. Bxf5 exf5 23. Bd6 Rac8 24. Rb3 Re6 25. h3 h6 26. c3 1/2-1/2

[Event "Norway Chess 2019 - Blitz"]
[Site "Stavanger"]
[Date "03.06.2019"]
[Round "7B"]
[White "Yu, Yangyi"]
[Black "Caruana, Fabiano"]
[Result "1-0"]
[WhiteTitle "GM"]
[BlackTitle "GM"]
[WhiteElo "2738"]
[BlackElo "2819"]
[WhiteFideId "8603820"]
[BlackFideId "2020009"]
[EventDate "2019.06.03"]

1. e4 c5 2. Nf3 e6 3. c3 Nf6 4. e5 Nd5 5. d4 cxd4 6. cxd4 d6 7. a3 Bd7 8. Bd3
Bc6 9. O-O Nd7 10. Qe2 dxe5 11. dxe5 Be7 12. Bd2 Nc5 13. Bc4 Nb6 14. Bb5 Bxb5
15. Qxb5+ Qd7 16. Nc3 O-O 17. Qxd7 Ncxd7 18. Ne4 Rac8 19. Bb4 Bxb4 20. axb4 a6
21. Nd6 Rb8 22. Rfc1 Nd5 23. b5 axb5 24. Nxb5 h6 25. h4 Rfc8 26. g3 Rc6 27. Rxc6
bxc6 28. Nd6 Rxb2 29. Ra7 N5b6 30. h5 c5 31. Rc7 Rb3 32. Kg2 Rd3 33. Nc8 Nxc8
34. Rxc8+ Kh7 35. g4 Rd5 36. Rc7 g5 37. hxg6+ Kxg6 38. Kg3 Nxe5 39. Nh4+ Kg7 40.
f3 Ng6 41. Ng2 h5 42. Ne3 Re5 43. Nc4 Rg5 44. Nd6 Nh8 45. Kf4 Rd5 46. Ne8+ Kg6
47. gxh5+ Rxh5 48. Nd6 Rd5 49. Ne4 Kg7 50. Nxc5 Ng6+ 51. Ke4 Re5+ 52. Kd4 Re1
53. Ra7 Nh4 54. Ra3 Nf5+ 55. Kc4 Kg6 56. Ne4 Rc1+ 57. Kd3 Re1 58. Kd2 Rh1 59.
Ra8 Rh2+ 60. Kd3 Kg7 61. Ra7 Rg2 62. Rc7 Ra2 63. Rc3 Kg6 64. Rb3 Ne7 65. Rb8 Nd5
66. Rf8 Kg7 67. Rb8 Kg6 68. Rf8 f6 69. Nc5 Kf5 70. Re8 Nf4+ 71. Kc3 Rf2 72. Rf8
Rxf3+ 73. Kc4 Nd5 74. Kd4 Rf4+ 75. Kd3 e5 76. Ke2 Rc4 77. Nb7 Rc6 78. Rd8 Nf4+
79. Ke3 Rc3+ 80. Kd2 Ra3 81. Nd6+ Ke6 82. Ne4 Ke7 83. Rb8 Ra7 84. Rb6 Nd5 85.
Rb5 Rd7 86. Ke1 Nf4 87. Ra5 Rd4 88. Ng3 Rd3 89. Ra7+ Ke6 90. Ra6+ Rd6 91. Ra8
Rd7 92. Ra6+ Rd6 93. Ra8 Nd5 94. Ne4 Rc6 95. Kf2 Ne7 96. Rf8 Nd5 97. Rd8 Rc2+
98. Kf3 Nf4 1-0

[Event "Norway Chess 2019 - Blitz"]
[Site "Stavanger"]
[Date "03.06.2019"]
[Round "7B"]
[White "Aronian, Levon"]
[Black "Anand, Viswanathan"]
[Result "1/2-1/2"]
[WhiteTitle "GM"]
[BlackTitle "GM"]
[WhiteElo "2752"]
[BlackElo "2767"]
[WhiteFideId "13300474"]
[BlackFideId "5000017"]
[EventDate "2019.06.03"]

1. e4 e5 2. Nf3 Nc6 3. Bb5 Nf6 4. O-O Nxe4 5. Re1 Nd6 6. Nxe5 Be7 7. Bf1 Nxe5 8.
Rxe5 O-O 9. d4 Bf6 10. Re1 Re8 11. Bf4 Rxe1 12. Qxe1 Ne8 13. c3 d5 14. Nd2 g6
15. Nf3 Ng7 16. Qd2 Ne6 17. Bh6 Bg7 18. Re1 c6 19. g3 Qf8 20. Be3 Bd7 21. Ne5
Qd6 22. Bh6 Re8 23. h4 f6 24. Nd3 Bxh6 25. Qxh6 Ng7 26. Rxe8+ Bxe8 27. Bh3 Bf7
28. Qf4 Qxf4 29. Nxf4 Ne8 30. Kf1 Nd6 1/2-1/2

[Event "Norway Chess 2019 - Blitz"]
[Site "Stavanger"]
[Date "03.06.2019"]
[Round "8B"]
[White "Caruana, Fabiano"]
[Black "Carlsen, Magnus"]
[Result "0-1"]
[WhiteTitle "GM"]
[BlackTitle "GM"]
[WhiteElo "2819"]
[BlackElo "2875"]
[WhiteFideId "2020009"]
[BlackFideId "1503014"]
[EventDate "2019.06.03"]

1. e4 g6 2. d4 Nf6 3. e5 Nh5 4. Be2 d6 5. exd6 Qxd6 6. Nc3 a6 7. Be3 Nf6 8. Qd2
Bg7 9. O-O-O O-O 10. Nf3 b5 11. Bf4 Qb6 12. Kb1 c5 13. dxc5 Qxc5 14. Ne5 Bb7 15.
f3 Nc6 16. Nd3 Qb6 17. Be3 Qc7 18. Nc5 Rfd8 19. Qc1 Rdc8 20. g4 Nb4 21. Nxb7
Qxb7 22. Bd4 Nc6 23. Be3 Ne5 24. Rhf1 Rxc3 25. bxc3 Nd5 26. Bd4 Rc8 27. f4 Nc4
28. Bxg7 Kxg7 29. Bxc4 Nxc3+ 30. Ka1 Rxc4 31. Rd3 Qg2 32. f5 Nxa2 33. Qe1 Nb4
34. Qe5+ Kh6 35. Rfd1 Nxd3 36. Rxd3 Rxc2 37. Qf4+ g5 38. Rd6+ f6 0-1

[Event "Norway Chess 2019 - Blitz"]
[Site "Stavanger"]
[Date "03.06.2019"]
[Round "8B"]
[White "Aronian, Levon"]
[Black "Ding, Liren"]
[Result "1/2-1/2"]
[WhiteTitle "GM"]
[BlackTitle "GM"]
[WhiteElo "2752"]
[BlackElo "2805"]
[WhiteFideId "13300474"]
[BlackFideId "8603677"]
[EventDate "2019.06.03"]

1. e4 e5 2. Nf3 Nc6 3. Bb5 a6 4. Ba4 Nf6 5. O-O Be7 6. Re1 b5 7. Bb3 O-O 8. c3
d5 9. exd5 Nxd5 10. Nxe5 Nxe5 11. Rxe5 c6 12. d3 Bd6 13. Re1 Bf5 14. Qf3 Qh4 15.
g3 Qh3 16. Bxd5 Bg4 17. Qg2 cxd5 18. Qxh3 Bxh3 19. Nd2 b4 20. cxb4 Bxb4 21. a3
Bd6 22. Nf3 Rfb8 23. b4 a5 24. Bd2 axb4 25. Bxb4 Bxb4 26. axb4 Rxa1 27. Rxa1 Kf8
28. Nd4 Ke8 29. b5 Bd7 30. Re1+ Kf8 31. f4 Rb7 32. Rb1 Ke7 33. Kf2 Kd6 34. Ke3
Kc5 35. Rc1+ Kd6 36. Ra1 g6 37. Ra6+ Kc5 38. Rf6 Bxb5 39. Nxb5 Re7+ 40. Kd2 Kxb5
41. g4 Kc5 42. Kc3 d4+ 43. Kd2 Kd5 44. h4 Ra7 45. h5 gxh5 46. Rf5+ Ke6 47. Re5+
Kf6 48. Rxh5 Ra2+ 49. Ke1 Rg2 50. g5+ Kf5 51. Rxh7 Kxf4 52. Rxf7+ Ke3 53. Re7+
Kxd3 54. Re5 Kc3 55. Rc5+ Kb4 56. Rc8 Rxg5 57. Kd2 1/2-1/2

[Event "Norway Chess 2019 - Blitz"]
[Site "Stavanger"]
[Date "03.06.2019"]
[Round "9B"]
[White "Yu, Yangyi"]
[Black "Aronian, Levon"]
[Result "0-1"]
[WhiteTitle "GM"]
[BlackTitle "GM"]
[WhiteElo "2738"]
[BlackElo "2752"]
[WhiteFideId "8603820"]
[BlackFideId "13300474"]
[EventDate "2019.06.03"]

1. e4 e5 2. Nf3 Nc6 3. Bb5 a6 4. Ba4 Nf6 5. O-O Be7 6. d3 b5 7. Bb3 O-O 8. Nc3
d6 9. a3 Na5 10. Ba2 Be6 11. b4 Nc6 12. Be3 Bxa2 13. Rxa2 d5 14. Bg5 dxe4 15.
dxe4 a5 16. Qb1 axb4 17. Rd1 bxc3 18. Rxd8 Rfxd8 19. g3 Ra5 20. Kg2 Rda8 21. Qb3
b4 22. Bxf6 gxf6 23. a4 Nd4 24. Nxd4 exd4 25. Ra1 c5 26. h4 Rd8 27. Rd1 Rda8 28.
e5 fxe5 29. Re1 Bf6 30. Qd5 Rxa4 31. Re4 h5 32. Qxc5 b3 33. cxb3 Ra2 34. g4 Bxh4
35. gxh5 Rxf2+ 36. Kh3 Bf6 37. Rg4+ Kh8 38. Qd5 Rf8 39. Qd6 Rg8 40. Rxg8+ Kxg8
41. Qc6 c2 42. Kg3 Bg5 43. Qc8+ Kg7 44. h6+ Bxh6 45. Qg4+ Kh7 46. Qe4+ Kg8 47.
Qg4+ Kh8 48. Qh5 c1=Q 49. Kxf2 Qe3+ 0-1

[Event "Norway Chess 2019 - Blitz"]
[Site "Stavanger"]
[Date "03.06.2019"]
[Round "9B"]
[White "So, Wesley"]
[Black "Caruana, Fabiano"]
[Result "1-0"]
[WhiteTitle "GM"]
[BlackTitle "GM"]
[WhiteElo "2754"]
[BlackElo "2819"]
[WhiteFideId "5202213"]
[BlackFideId "2020009"]
[EventDate "2019.06.03"]

1. Nf3 Nf6 2. c4 d6 3. Nc3 g6 4. e4 Bg7 5. d4 O-O 6. Be2 e5 7. Be3 Ng4 8. Bg5 f6
9. Bh4 Nc6 10. d5 Ne7 11. Nd2 h5 12. O-O Nh6 13. f3 Nf7 14. Bf2 c5 15. dxc6 bxc6
16. b4 Be6 17. Nb3 f5 18. a4 Bh6 19. Qd3 Qd7 20. Rfd1 Rfd8 21. b5 Qe8 22. bxc6
Nxc6 23. Nd5 Bxd5 24. cxd5 Nb4 25. Qc3 Rab8 26. Bb5 Rxb5 27. axb5 Qxb5 28. Rxa7
fxe4 29. fxe4 Rb8 30. Na5 Qe2 31. Re1 Qd3 32. Qc7 Rf8 33. Nc4 Nc2 34. Nxd6 Be3
35. Bxe3 Nxe1 36. Nxf7 Qxe3+ 37. Kh1 Qxa7 38. Qxa7 Rxf7 39. Qg1 Nc2 40. h3 Nd4
41. Qa1 h4 42. Kh2 Kh7 43. d6 Rd7 1-0

[Event "Norway Chess 2019 - Blitz"]
[Site "Stavanger"]
[Date "03.06.2019"]
[Round "9B"]
[White "Ding, Liren"]
[Black "Anand, Viswanathan"]
[Result "1/2-1/2"]
[WhiteTitle "GM"]
[BlackTitle "GM"]
[WhiteElo "2805"]
[BlackElo "2767"]
[WhiteFideId "8603677"]
[BlackFideId "5000017"]
[EventDate "2019.06.03"]

1. Nf3 d5 2. g3 Nf6 3. Bg2 g6 4. c4 Bg7 5. cxd5 Nxd5 6. d4 O-O 7. O-O Nb6 8. Nc3
Nc6 9. e3 Re8 10. Re1 Bd7 11. h3 Qc8 12. Kh2 e5 13. d5 Na5 14. e4 Nac4 15. a4 a5
16. b3 Nd6 17. Ba3 Qd8 18. Rc1 Bf8 19. Bc5 c6 20. Qd3 Ndc8 21. Bxf8 Kxf8 22.
dxc6 bxc6 23. Qe3 Kg8 24. Nb1 f6 25. Nbd2 Nd6 26. Bf1 Rb8 27. Rc5 Nbc8 28. Rd1
Kg7 29. Nc4 Nxc4 30. Bxc4 Qc7 31. Qc3 Ra8 32. Bb5 Ne7 33. Bf1 Nc8 34. Nd2 Nd6
35. f3 Nb7 36. Rc4 Nd6 37. Rc5 Nb7 38. Rd5 Be6 39. Rd3 Red8 40. Nc4 Bxc4 41.
Qxc4 Rxd3 42. Rxd3 Rd8 43. Rxd8 Nxd8 44. b4 axb4 45. Qxb4 Nb7 46. Bc4 Na5 47.
Qc5 Nxc4 48. Qxc4 Qb6 49. Qa2 Qa5 50. h4 c5 51. Qd5 Qxa4 52. Qxc5 1/2-1/2